书目信息 |
| 题名: |
线性代数与空间解析几何学习指导教程
|
|
| 作者: | 黄廷祝 , 余时伟 主编 | |
| 分册: | ||
| 出版信息: | 北京 高等教育出版社 2005.06 |
|
| 页数: | 248页 | |
| 开本: | 23cm | |
| 丛书名: | ||
| 单 册: | ||
| 中图分类: | O151.2 | |
| 科图分类: | ||
| 主题词: | 解析几何--jie xi ji he--高等学校--教学参考资料 , 线性代数--xian xing dai shu--高等学校--教学参考资料 | |
| 电子资源: | ||
| ISBN: | 7-04-016701-8 | |
| 000 | 01101nam0 2200253 450 | |
| 001 | 012006172734 | |
| 005 | 20061018093804.54 | |
| 010 | @a7-04-016701-8@dCNY17.00 | |
| 100 | @a20060727d2005 km y0chiy0120 ea | |
| 101 | 0 | @achi |
| 102 | @aCN@b110000 | |
| 105 | @aa z 000yy | |
| 200 | 1 | @a线性代数与空间解析几何学习指导教程@Axian xing dai shu yu kong jian jie xi ji he xue xi zhi dao jiao cheng@f黄廷祝, 余时伟主编@Fhuang ting zhu,yu shi wei zhu bian |
| 210 | @a北京@c高等教育出版社@d2005.06 | |
| 215 | @a248页@c图@d23cm | |
| 300 | @a普通高等教育"十五"国家级规划教材配套参考书 | |
| 330 | @a本书根据教育部颁发的《关于高等工业学校线性代数课程的教学基本要求》,在《线性代数与空间解析几何同步学习指导》的基础上编写而成,共分七章,每章内容分为五部分:基本要求、基本内容、典型例题分析、练习题、单元检测题。 | |
| 606 | 0 | @a解析几何@Ajie xi ji he@x高等学校@j教学参考资料 |
| 606 | 0 | @a线性代数@Axian xing dai shu@x高等学校@j教学参考资料 |
| 690 | @aO151.2@v4 | |
| 701 | 0 | @a黄廷祝@Ahuang ting zhu@4主编 |
| 701 | 0 | @a余时伟@Ayu shi wei@4主编 |
| 801 | 0 | @aCN@c20061018 |
| 905 | @a10447@dO151.2@eH899 | |
| 线性代数与空间解析几何学习指导教程/黄廷祝, 余时伟主编.-北京:高等教育出版社,2005.06 |
| 248页:图;23cm |
| 普通高等教育"十五"国家级规划教材配套参考书 |
| ISBN 7-04-016701-8:CNY17.00 |
| 本书根据教育部颁发的《关于高等工业学校线性代数课程的教学基本要求》,在《线性代数与空间解析几何同步学习指导》的基础上编写而成,共分七章,每章内容分为五部分:基本要求、基本内容、典型例题分析、练习题、单元检测题。 |
| ● |
| 相关链接 |
|
|
|
正题名:线性代数与空间解析几何学习指导教程
索取号:O151.2/H899
 
预约/预借
| 序号 | 登录号 | 条形码 | 馆藏地/架位号 | 状态 | 备注 |
| 1 | 597619 | 205976194 | 自科库401/401自科库 41排3列3层/ [索取号:O151.2/H899] | 在馆 | |
| 2 | 597620 | 205976201 | 自科库401/401自科库 41排3列3层/ [索取号:O151.2/H899] | 在馆 | |
| 3 | 597621 | 205976210 | 自科库401/401自科库 41排3列3层/ [索取号:O151.2/H899] | 在馆 |